000 00476nam a22001817a 4500
999 _c2581
_d2581
003 OSt
005 20181016175743.0
008 181016b ||||| |||| 00| 0 eng d
040 _cDLC
082 _a227.5
_bB261E
100 _aBarney, Kenneth D.
245 _aEphesians :
_bTeacher's Manual.
_cBy Kenneth D. Barney
260 _aMissouri, USA :
_bGospel Publishing House,
_cc1961.
300 _a96 p.:
440 _aTeacher's Manual
650 _aEphesians
942 _2ddc
_cBK